[Event "Speed Chess (Women) Q3"]
[Site "Chess.com INT"]
[Date "2021.05.30"]
[Round "15"]
[White "Starosta, Martyna"]
[Black "Nguyen, Thi Thanh An"]
[Result "0-1"]
[WhiteElo "1910"]
[BlackElo "2259"]
[PlyCount "154"]
[EventDate "2021.05.30"]
[EventType "swiss (blitz)"]
[EventRounds "21"]
[EventCountry "USA"]
[SourceTitle "CBM 202 Extra"]
[Source "ChessBase"]
[SourceDate "2021.07.31"]
[SourceVersion "1"]
[SourceVersionDate "2021.07.31"]
[SourceQuality "1"]

1. e4 c6 2. d4 d5 3. Nc3 dxe4 4. Nxe4 Bf5 5. Ng3 Bg6 6. h4 h6 7. Nf3 Nd7 8. h5 Bh7 9. Bd3 Bxd3 10. Qxd3 Ngf6 11. Bd2 e6 12. 0-0-0 Bd6 13. Ne4 Nxe4 14. Qxe4 Nf6 15. Qe2 Qc7 16. Ne5 0-0-0 17. Rh4 Rhf8 18. c4 c5 19. Bc3 Kb8 20. b3 Ka8 21. f4 cxd4 22. Bxd4 Ba3+ 23. Kb1 Rd6 24. Rhh1 Rfd8 25. Bb2 Bxb2 26. Kxb2 Rxd1 27. Rxd1 Kb8 28. Rd3 Rxd3 29. Qxd3 a6 30. g4 Ne8 31. Qd4 Nd6 32. Nd3 Ne8 33. Nc5 Qd6 34. Qxd6+ Nxd6 35. Nd7+ Kc7 36. Ne5 f6 37. Nd3 Ne4 38. Kc2 Kd6 39. b4 b6 40. a4 Kc6 41. b5+ axb5 42. axb5+ Kd6 43. Kd1 Nc5 44. Ke2 Nxd3 45. Kxd3 Kc5 46. f5 e5 47. Kc3 e4 48. Kb3 Kd4 49. Kb4 e3 50. c5 bxc5+ 51. Ka5 e2 52. b6 e1Q+ 53. Ka6 Qa1+ 54. Kb7 Qb1 55. Kc7 c4 56. b7 Qxb7+ 57. Kxb7 c3 58. Kc7 c2 59. Kd7 c1Q 60. Ke7 Qg5 61. Kf7 Qxg4 62. Kg8 Qxh5 63. Kh8 Qg5 64. Kg8 Qxf5 65. Kh8 Qg5 66. Kg8 f5 67. Kh8 f4 68. Kg8 f3 69. Kh8 f2 70. Kg8 h5 71. Kh8 h4 72. Kg8 h3 73. Kh8 h2 74. Kg8 h1Q 75. Kf8 f1Q+ 76. Kg8 Qa8+ 77. Kh7 Qh3# 0-1